000 00707nam a2200193Ii 4500
003 JO-AjNU
008 230605s9999||||xx |||||||||||||| ||und||
040 _aJO-AjNU
_bara
_erda
_cJO-AjNU
041 _aara
050 1 4 _aHC415.26.A52.1992
100 3 _aالعواملة، نائل عبدالحافظ,
_eauthor
_939343
245 0 0 _aادارة التنمية الاسس النظرية وتطبيقاتها في الاردن
264 3 1 _aعمان:دار زهران للنشر والتوزيع،1992
300 _a189ص
336 _atext
_btxt
_2rdacontent
337 _aunmediated
_bn
_2rdamedia
338 _avolume
_bnc
_2rdacarrier
650 4 _aالتنمية الاقتصادية-الاردن
_939344
999 _aA16608
_c20176
_d20176